| 000 | 01104nam0a2200337 4500 | ||
|---|---|---|---|
| 001 | RU\NLR\bibl\1357943 | ||
| 005 | 20250615182914.0 | ||
| 010 |
_a978-5-17-028738-3 _bАСТ |
||
| 010 |
_a978-5-271-19050-6 _bАстрель _95000 |
||
| 021 |
_aRU _b2009-14061 _9836 |
||
| 035 | _a(nilc)RSL-KNO-004255893 | ||
| 035 | _a(NLR Aleph) 001350133 | ||
| 090 |
_a915558 _c915558 |
||
| 100 | _a20090311d2008 |||y0rusy50 ca | ||
| 101 | 1 |
_arus _cger |
|
| 102 | _aRU | ||
| 105 | _aa ||||||||| | ||
| 200 | 1 |
_aЗолотая книга для девочек _f[отв. ред. Е. А. Абдюханова] |
|
| 210 |
_aМосква _cАСТ _cАстрель _d2008 _eМ. _g1-я Образцовая. типография |
||
| 215 |
_a263 с. _cцв. ил. _d26 |
||
| 610 | 0 | _aДетская литература | |
| 686 |
_aШ9:М48(2) _2rubbk |
||
| 686 |
_aШ9 _bН99 |
||
| 702 | 1 |
_aАбдюханова _bЕ. А. _4340 |
|
| 801 | 0 |
_aRU _bРКП _c20090311 _grcr |
|
| 801 | 1 |
_aRU _bРГБ _c20090311 |
|
| 801 | 2 |
_aRU _bNLR _c20090417 _grcr |
|
| 942 | _cBOOK | ||
| 980 | _aNB | ||